Problemas de estadísticas económicas.

সংরক্ষণ করুন:
গ্রন্থ-পঞ্জীর বিবরন
প্রধান লেখক: Rodríguez Ruiz, Julián (autor)
অন্যান্য লেখক: Arenales Abad, Carmen (autora)
বিন্যাস: গ্রন্থ
প্রকাশিত: Madrid, España: Ediciones Pirámide, 1988.
বিষয়গুলি:
ট্যাগগুলো: ট্যাগ যুক্ত করুন
কোনো ট্যাগ নেই, প্রথমজন হিসাবে ট্যাগ করুন!

MARC

LEADER 00000nam a22000007a 4500
003 CL-VaPUC
005 20231004105548.0
008 230927t1988 ||||| |||| 00| 0 eng d
999 |c 441869  |d 441867 
020 |a 84-368-0433-3 
040 |c Pontificia Universidad Católica de Valparaíso 
082 0 4 |2 21  |a 330.015195 ROD 1988 
100 1 |a Rodríguez Ruiz, Julián  |e autor  |9 884769 
245 1 0 |a Problemas de estadísticas económicas. 
260 |a Madrid, España:  |b Ediciones Pirámide,  |c 1988. 
300 |a 287 páginas. 
500 |a c.1 Donación Eduardo Cartagena. Memo ICO N° 06/2023 
583 |c 20230927  |k Catalogador Asistente 
650 1 |a Estadística económica  |9 527363 
650 1 |a Estadística matemática  |x Problemas  |9 884791 
700 |a Arenales Abad, Carmen  |e autora  |9 884770 
942 |2 ddc  |c BK 
952 |0 0  |1 0  |2 ddc  |4 0  |6 330_015195000000000_ROD_1988  |7 0  |8 A  |9 591715  |a BIBENE  |b BIBENE  |c GEN  |d 2023-09-27  |e Donación  |i 5658866  |o 330.015195 ROD 1988  |p 5658866  |r 2025-01-15  |t 1  |w 2023-09-27  |y BK  |k ICO